000 00524cam a2200169 4500500
005 20260329003408.0
041 _afre
042 _adc
100 1 0 _aPersonne, Thomas
_eauthor
245 0 0 _aÉtudes d’histoire de la pensée scientifique
260 _c2015.
500 _a50
690 _aKoyré
690 _aSciences
786 0 _nPhilosophie magazine | 91 | 8 | 2015-07-01 | p. 71-71 | 1951-1787
856 4 1 _uhttps://shs.cairn.info/magazine-philosophie-magazine-2015-8-page-71?lang=fr&redirect-ssocas=7080
999 _c1824224
_d1824224